| 000 | 01399nam0a22003251 4500 | ||
|---|---|---|---|
| 001 | rc\4466803 | ||
| 005 | 20260407132227.0 | ||
| 021 |
_aRU _b[57-35575] |
||
| 035 | _a(NLR Aleph) 008594003 | ||
| 090 |
_a8661564 _c8661564 |
||
| 100 | _a20130416d1957 |||y0rusy50 ca | ||
| 101 | 0 | _arus | |
| 102 | _aRU | ||
| 105 | _aa z ||||| | ||
| 200 | 1 |
_a[Краткий путеводитель _fВыставка русской гравюры (XVIII, XIX, начала XX вв.) |
|
| 210 |
_aМосква] _cБ. и. _d1957 |
||
| 215 |
_a5, [5] с. _cил. _d21 |
||
| 300 | _aВ конце текста авт.: Е.И. Смирнова, М.З. Холодовская, В.Н. Шафранова | ||
| 606 |
_aГравюра _xВыставки, передвижные _2psbo |
||
| 606 |
_aРусская графика _z18-19 вв. _xВыставки передвижные _2psbo |
||
| 701 | 1 |
_aХолодовская _bМ.З. |
|
| 701 | 1 |
_aШафранова _bВ.Н. |
|
| 701 | 1 |
_aСмирнова _bЕ. И. _cканд. искусствоведения _f1892-1973 _gЕлена Ивановна _9228004 _3RU\NLR\AUTH\770228060 |
|
| 710 | 1 | 2 |
_aВыставка русской гравюры XYIII - начала XX в.в. _f1954 _eМосква _3RU\NLR\AUTH\8810078395 _9658980 |
| 801 | 0 |
_aRU _bNLR _gpsbo |
|
| 801 | 1 |
_aRU _bELAR _2rusmarc |
|
| 852 |
_aNLR _j57-6/4564 |
||
| 942 | _cBOOK | ||
| 980 | _aNB | ||